同じ母音の駅名 (九州編) - Statistics

General Stats
  • This quiz has been taken 8 times
  • The average score is 8 of 34
Answer Stats
駅名(漢字) 駅名(読み) この駅の所在地 同じ母音の駅名 % Correct
添田 そえだ 福岡県 曽根田
63%
南久留米 みなみくるめ 福岡県 東久留米
63%
新鳥栖 しんとす 佐賀県 新得
50%
大善寺 だいぜんじ 福岡県 大川寺
38%
筑前山手 ちくぜんやまて 福岡県 筑前山家
38%
清峰高校前 せいほうこうこうまえ 長崎県 清陵高校前
38%
泉福寺 せんぷくじ 長崎県 善通寺
38%
中腹 ちゅうふく 長崎県 勇払
38%
植木 うえき 熊本県 畝傍
38%
平成 へいせい 熊本県 清明
38%
工学部前 こうがくぶまえ 鹿児島県 農学部前
38%
木場茶屋 こばんちゃや 鹿児島県 古賀茶屋
38%
鶴丸 つるまる 鹿児島県 油須原
38%
西出水 にしいずみ 鹿児島県 西泉
38%
博多南 はかたみなみ 福岡県 仲町台
25%
南小倉 みなみこくら 福岡県 東戸塚
25%
北佐世保 きたさせぼ 長崎県 北上尾
25%
餅原 もちばる 宮崎県 吉松
25%
辛島町 からしまちょう 熊本県 高島町
25%
豊後森 ぶんごもり 大分県 豊後荻
25%
陣原 じんのはる 福岡県 新子安
13%
南宮崎 みなみみやざき 宮崎県 南茨木
13%
肥後伊倉 ひごいくら 熊本県 下井草
13%
西屋敷 にしやしき 大分県 西脇市
13%
下鴨生 しもかもお 福岡県 下麻生
0%
次郎丸 じろうまる 福岡県 伊予小松
0%
仁田峠 にたとうげ 長崎県 飛騨細江
0%
上田浦 かみたのうら 熊本県 播磨徳久
0%
水道町 すいどうちょう 熊本県 杉本町
0%
南由布 みなみゆふ 大分県 南宿
0%
朝日通 あさひどおり 鹿児島県 柳小路
0%
大隅夏井 おおすみなつい 鹿児島県 元宇品口
0%
武之橋 たけのはし 鹿児島県 南風崎
0%
石嶺 いしみね 沖縄県 紀伊姫
0%
No matching quizzes found
Score Distribution
Percent of People with Each Score
Percentile by Number Answered
Your Score History
You have not taken this quiz